000 00674cam a22002411 4500
001 3956
003 BD-RjUL
005 20211208233816.0
008 160723s1963 maua b 000 0 eng
035 _a(BD-RjUL)3990
035 _a(OCoLC)168884
040 _aDLC
_cODaWU
_dOCoLC
_dDLC
_dBD-RjUL
_beng
041 _aeng
082 0 0 _a338.52
_218
_bWAP 1963
100 1 _aWatson, Donald Stevenson.
_912597
245 1 0 _aPrice theory and its uses /
_cDonald Stevenson Watson.
260 _aBoston :
_bHoughton Mifflin,
_cc1963.
300 _a431 p. :
_bill. ;
_c25 cm.
504 _aIncludes bibliography.
650 0 _aPrices.
_912598
942 _2ddc
_cBK
999 _c3956
_d3956